Statistiques concernant L'Erythrée

Cliquez ici pour prendre le quiz!

Statistiques générales

  • Ce quiz a été pris 56 fois
    (16 depuis la dernière actualisation)
  • Le résultat moyen est 7 sur 11

Statistiques - réponses

QuestionRéponse% Correct
Sur quel continent se trouve ce pays ?Afrique
100%
De 1952 à 1993 (date de son indépendance), quel pays administrait l'Erythrée ?Ethiopie
93%
Quel est le troisième pays frontalier de l'Erythrée ?Djibouti
93%
Quelle est sa capitale ?Asmara
80%
Quel est le deuxième pays frontalier de l'Erythrée ?Soudan
73%
et l'.....anglais
73%
En bordure de quelle mer les ports érythréens d’Assab et de Massawa se trouvent-ils ?mer rouge
67%
Quel pays a administré l'Erythrée de 1941 à 1952 ?Royaume Uni
67%
De quel pas l'Erythrée a-elle- été une colonie de 1869 à 1941 ?Italie
60%
La langue officielle du pays est le tigrinya, avec l' ....arabe
27%
Quelle est la monnaie du pays ?nakfa
7%

Distribution des résultats

Percentile par nombre de réponses

% des personnes avec chaque résultat

Votre développement - résultats

Vous n’avez pas pris ce quiz depuis la dernière actualisation